FIFA 21 Team of the Year - Statistics

General Stats
  • This quiz has been taken 386 times
  • The average score is 10 of 11
Answer Stats
Country Team Player % Correct
Portugal Juventus Cristiano Ronaldo
99%
Belgium Manchester City Kevin De Bruyne
97%
Canada Bayern Munich Alphonso Davies
96%
France PSG Kylian Mbappé
96%
Poland Bayern Munich Robert Lewandowski
96%
Netherlands Liverpool Virgil van Dijk
95%
Portugal Manchester United Bruno Fernandes
93%
Germany Bayern Munich Joshua Kimmich
90%
Germany Bayern Munich Manuel Neuer
88%
Spain Real Madrid Sergio Ramos
87%
England (United Kingdom) Liverpool Trent Alexander-Arnold
85%
No matching quizzes found
Score Distribution
Percent of People with Each Score
Percentile by Number Answered
Your Score History
You have not taken this quiz